000 00712nab a2200217 a 4500
005 20210219162101.0
008 991125s1985 mx 000 0 spa u
035 _aUPN01000197563
049 _aART
100 1 _aAngulo Marcial, Noel
222 _aINNOVACION EDUCATIVA
245 _aLa cita en la escritura académica
260 _aMéxico
300 _a95-116
362 0 _a2013 3a época, vol. 13, no. 63, sept.-dic.
653 0 _aCITAS BIBLIOGRAFICAS
653 0 _aTEXTOS ACADEMICOS
653 0 _aPRODUCCION CIENTIFICA
856 1 _uhttp://www.innovacion.ipn.mx/Revistas/Documents/Revistas%202013/Innovaci%C3%B3n-Educativa-63/5-63La-cita-en-la-escritura-acad%C3%A9mica.pdf
905 _aArticulo
999 _c169664
_d169664